01467nam a22001937a 4500003000900000005001700009008004100026040001300067100005400080245005800134250000600192260007300198300002000271490001900291520081900310942001201129999001701141952011501158IT-RoPau20220918175936.0121212b xxu||||| |||| 00| 0 eng d cIT-RoPau aAlberione GiacomoqFondatore Famiglia Paolina919 aCatechismo sociale.bElementi di sociologia cristiana aI aRomabCasa Generalizia della famiglia Paolina in Via della Fanella  a187 p.c21,5 cm aOpera OmniavI aINDICE GENERALE INTRODUZIONE A. Com'è nato il presente Catechismo B. Significato storico culturale Qualche elogio incoraggiante Tempestività e adeguatezza, ma non troppo Una fioritura di <> negli annni '30... ...che divengono una valanga alla metà degli anni '40 Anche se non fu tra i primi, don Alberione è arrivato in tempo Attualità e opportunità di questa riedizione nell'<> CATECHISMO SOCIALE Principali documenti citati I. L' uomo e la società II. La famiglia III. La società civile IV. La Chiesa V. Il lavoro e l' ordine economico VI. La società Appendice INDICI Indice delle citazioni bibliche Indice dei documenti, libri e giornali Indice dei luoghi Indice dei nomi di persona Indice analitico  2ddccBK c37648d37648 00102ddc406PA_000000000000000_671aPAULUSbPAULUSd2012-12-12l0oPA6r2012-12-12 00:00:00w2012-12-12yBK